000 00998nac a22003017a 4500
001 BR0805962
003 BR-BrBNA
005 20240105123656.0
008 230509b bl.|||m| |||| 00| 0 por d
040 _aBR-BrBNA
_bpor
_cBiblioteca Nacional de Agricultura
072 _aF01; F30
090 _a0120 BR0805962
100 1 _aValentini, L.
100 1 _aShimoya, A.
100 1 _aCosta, C.C. da S.
110 1 _aEmpresa de Pesquisa Agropecuária do Estado do Rio de Janeiro, Niterói (Brasil)
245 1 _aDesempenho de cultivares de milho normal no Norte Fluminense
260 3 _aNiterói, RJ (Brasil):
_c2006.
300 _a3 p.
490 _aComunicado Técnico - Empresa de Pesquisa Agropecuária do Rio de Janeiro (Brazil)
_vno. 289
_xISSN 0100-896X
650 _aMILHO
650 _aVARIEDADE
650 _aCARACTERISTICAS AGRONÔMICAS
650 _aMÉTODO ESTATÍSTICO
650 _aSEMEADURA
909 _a202312
_bLúcia Elande
_c55
_dLúcia Elande
942 _2AGRIS
_n0
_cMS
999 _c296494
_d296494